[Event "Cracovia 2010"]
[Site "Krakow"]
[Date "2010.12.27"]
[Round "1.30"]
[White "Gbyl, Andrzej"]
[Black "Chrzaszcz, Malvina"]
[Result "0-1"]
[WhiteElo "2286"]
[BlackElo "2054"]
[PlyCount "98"]
[EventDate "2010.??.??"]

1. d4 Nf6 2. Nf3 e6 3. Bg5 h6 4. Bh4 d5 5. e3 c5 6. c3 Bd6 7. Nbd2 Nbd7 8. Bd3
O-O 9. O-O Qc7 10. Rc1 b6 11. e4 dxe4 12. Nxe4 Nxe4 13. Bxe4 Bb7 14. Bxb7 Qxb7
15. dxc5 Bf4 16. Qa4 Qc7 17. Rcd1 Nxc5 18. Qc4 Rac8 19. Rfe1 Rfe8 20. Bg3 Bxg3
21. hxg3 Red8 22. Qh4 Rd7 23. Rd4 Rxd4 24. Nxd4 Qd8 25. Qh5 Nd3 26. Re2 Qf6 27.
Qb5 Nc5 28. Nc6 Rc7 29. Ne5 Qd8 30. Re1 Rc8 31. b4 Nb7 32. Qa6 Qc7 33. Qxa7
Qxc3 34. Nf3 Qc7 35. a4 Kf8 36. Rd1 Ke7 37. Qa6 Rd8 38. Re1 Rd5 39. Qe2 Nd6 40.
Qb2 Kf8 41. Rc1 Qd7 42. Qc2 Nf5 43. Ra1 Qd8 44. Qe2 Qc7 45. Qe1 Qa7 46. Qc3 Rd8
47. Ne5 Nd4 48. Qd3 Qc7 49. Nf3 Nc2 0-1

[Event "Cracovia 2010"]
[Site "Krakow"]
[Date "2010.12.27"]
[Round "1.31"]
[White "Gawronski, Lukasz"]
[Black "Barski, Radoslaw"]
[Result "0-1"]
[WhiteElo "2043"]
[BlackElo "2278"]
[PlyCount "84"]
[EventDate "2010.??.??"]

1. d4 Nf6 2. Bg5 Ne4 3. Bf4 c5 4. f3 Nf6 5. dxc5 Qa5+ 6. Qd2 Qxc5 7. e4 d6 8.
Nc3 a6 9. Be3 Qc7 10. Nge2 e6 11. a4 b6 12. Nf4 Be7 13. Be2 Nc6 14. O-O O-O 15.
Rad1 Bd7 16. Qe1 Rfb8 17. g4 Ne5 18. g5 Ne8 19. Qh4 b5 20. axb5 axb5 21. Rd2 b4
22. Nd1 Bb5 23. Bxb5 Rxb5 24. Rg2 Ra1 25. Qh5 g6 26. Qh3 Nc4 27. Nxe6 Qc8 28.
Bd4 Qxe6 29. Qxe6 fxe6 30. b3 Rxd1 31. Rxd1 Ne5 32. f4 Nf3+ 33. Kf2 Nxd4 34.
Rxd4 d5 35. Kf3 Nd6 36. exd5 Nf5 37. Re4 Nh4+ 38. Kg3 Nxg2 39. Rxe6 Kf7 40.
Kxg2 Rxd5 41. Re2 Bd6 42. Kf3 Rd4 0-1

[Event "Cracovia 2010"]
[Site "Krakow"]
[Date "2010.12.27"]
[Round "1.32"]
[White "Cruz Alvarez De Ron, Dan"]
[Black "Motyl, Tomasz"]
[Result "1-0"]
[WhiteElo "2273"]
[BlackElo "2035"]
[PlyCount "75"]
[EventDate "2010.??.??"]

1. e4 g6 2. d4 d6 3. Nc3 a6 4. f4 b5 5. Nf3 Bb7 6. Bd3 b4 7. Ne2 Nf6 8. Ng3 Bg7
9. O-O O-O 10. Qe1 c5 11. dxc5 dxc5 12. e5 Nd5 13. f5 Qb6 14. Kh1 Nc6 15. e6
Nd4 16. exf7+ Rxf7 17. Ne5 c4 18. Nxc4 Qc7 19. fxg6 Rxf1+ 20. Nxf1 Rf8 21. Bg5
Nf4 22. Bxf4 Qxf4 23. Qg3 hxg6 24. Qxf4 Rxf4 25. Nfe3 Nf5 26. Nxf5 gxf5 27. Rf1
Rxf1+ 28. Bxf1 Kf7 29. Bd3 Ke6 30. b3 Be4 31. Bxe4 fxe4 32. Kg1 Kd5 33. Kf2 Kd4
34. h4 Kc3 35. Ke3 Kxc2 36. g4 Kb1 37. g5 Kxa2 38. Na5 1-0

[Event "Cracovia 2010"]
[Site "Krakow"]
[Date "2010.12.27"]
[Round "1.33"]
[White "Macka, Oto"]
[Black "Voiteanu, Gabriel"]
[Result "0-1"]
[WhiteElo "2025"]
[BlackElo "2262"]
[PlyCount "50"]
[EventDate "2010.??.??"]

1. e4 e5 2. Nf3 Nf6 3. Nc3 Bb4 4. Nd5 Nxd5 5. exd5 e4 6. Qe2 O-O 7. Nd4 Re8 8.
Qc4 Ba5 9. Be2 a6 10. a4 b5 11. Qb3 c5 12. Nf5 d6 13. Ne3 c4 14. Qa2 Nd7 15.
O-O Ne5 16. b3 f5 17. Nd1 f4 18. Re1 f3 19. Bf1 fxg2 20. Bxg2 Nf3+ 21. Bxf3
exf3 22. Rxe8+ Qxe8 23. Ne3 Qg6+ 24. Kh1 Bh3 25. d4 Re8 0-1

[Event "Cracovia 2010"]
[Site "Krakow"]
[Date "2010.12.27"]
[Round "1.34"]
[White "Gonzalez Diaz, Julio"]
[Black "Wisniowska, Klaudia"]
[Result "1-0"]
[WhiteElo "2259"]
[BlackElo "2011"]
[PlyCount "55"]
[EventDate "2010.??.??"]

1. e4 c5 2. Nc3 Nc6 3. Nge2 d6 4. d4 cxd4 5. Nxd4 Nf6 6. Bg5 Bd7 7. Be2 Qa5 8.
Bxf6 gxf6 9. O-O Rg8 10. g3 Nxd4 11. Qxd4 Rc8 12. a4 Qc5 13. Rfd1 f5 14. exf5
Qxd4 15. Rxd4 Bg7 16. Rb4 Bxc3 17. bxc3 b6 18. Bd3 f6 19. a5 Rc5 20. axb6 axb6
21. Bc4 d5 22. Bd3 b5 23. Ra3 Kf7 24. Ra7 Rd8 25. Rd4 Be8 26. Rh4 Bd7 27. Rxh7+
Kg8 28. Rxe7 1-0

[Event "Cracovia 2010"]
[Site "Krakow"]
[Date "2010.12.27"]
[Round "1.35"]
[White "Vaicekauskas, Gytis"]
[Black "Przezdziecka, Marta"]
[Result "1/2-1/2"]
[WhiteElo "1972"]
[BlackElo "2249"]
[PlyCount "90"]
[EventDate "2010.??.??"]

1. e4 c5 2. Nf3 Nc6 3. Bb5 d6 4. O-O Bd7 5. c3 Nf6 6. Qe2 a6 7. Ba4 b5 8. Bc2
Rc8 9. d4 cxd4 10. cxd4 Bg4 11. Rd1 e5 12. dxe5 Nxe5 13. Nc3 Be7 14. Bf4 Qa5
15. Bxe5 dxe5 16. Bb3 O-O 17. h3 Bxf3 18. Qxf3 Ba3 19. Nd5 Nxd5 20. bxa3 Nf4
21. Rac1 Rxc1 22. Rxc1 Qd2 23. Rc7 Qd8 24. Ra7 a5 25. Rb7 a4 26. Bd5 Qa5 27.
Qd1 Qa6 28. Kh2 h6 29. g3 Ne6 30. Qh5 Nd8 31. Rd7 Qf6 32. Qf5 Ne6 33. Qxf6 gxf6
34. Rd6 Kg7 35. Bxe6 fxe6 36. Rxe6 Rc8 37. Rb6 Rc2 38. Kg2 Rxa2 39. Rxb5 Rxa3
40. h4 h5 41. Ra5 Ra2 42. Ra7+ Kg6 43. Kf3 Ra3+ 44. Kg2 Ra2 45. Kf3 a3 1/2-1/2

[Event "Cracovia 2010"]
[Site "Krakow"]
[Date "2010.12.27"]
[Round "1.36"]
[White "Skawinski, Arkadiusz"]
[Black "Janik, Andrzej"]
[Result "1-0"]
[WhiteElo "2249"]
[BlackElo "1918"]
[PlyCount "87"]
[EventDate "2010.??.??"]

1. e4 c6 2. d4 d5 3. exd5 cxd5 4. c4 e6 5. Nc3 Nf6 6. Nf3 Be7 7. c5 O-O 8. Bd3
Nc6 9. a3 Re8 10. O-O Bf8 11. Re1 b6 12. b4 a5 13. b5 Ne7 14. c6 Nf5 15. Bxf5
exf5 16. Rxe8 Nxe8 17. Bf4 Be6 18. Ng5 Bd6 19. Qf3 Bxf4 20. Qxf4 Qd6 21. Nh3
Qxf4 22. Nxf4 Nc7 23. h4 Kf8 24. Re1 Rd8 25. Re5 g6 26. Re1 Kg7 27. Kf1 h6 28.
Nd3 Kf6 29. f4 h5 30. Ne5 Kg7 31. Na4 Nxb5 32. Nxb6 Nc7 33. Rc1 Bc8 34. Rc5
Ba6+ 35. Kf2 f6 36. Ned7 Re8 37. Nxd5 Re2+ 38. Kg1 Ne6 39. Rxa5 Bc4 40. N7b6
Bd3 41. Ra7+ Kh6 42. c7 Be4 43. c8=Q Rxg2+ 44. Kf1 1-0

[Event "Cracovia 2010"]
[Site "Krakow"]
[Date "2010.12.27"]
[Round "1.37"]
[White "Marczuk, Dominik"]
[Black "Duda, Jan-Krzysztof"]
[Result "0-1"]
[WhiteElo "1908"]
[BlackElo "2247"]
[PlyCount "118"]
[EventDate "2010.??.??"]

1. e4 c5 2. Nf3 d6 3. d4 cxd4 4. Nxd4 Nf6 5. Nc3 a6 6. Bg5 e6 7. f4 Qb6 8. Nb3
Nbd7 9. Qf3 Be7 10. O-O-O Qc7 11. g4 h6 12. Bxf6 Bxf6 13. Qe3 g5 14. f5 Bxc3
15. bxc3 Ne5 16. Qd4 Bd7 17. Be2 Bb5 18. Bxb5+ axb5 19. Qxd6 Qxd6 20. Rxd6 Ra6
21. Rxa6 bxa6 22. h4 Rg8 23. Nd4 exf5 24. Nxf5 Nxg4 25. hxg5 hxg5 26. Rh7 Ne5
27. Rh6 Rg6 28. Rh8+ Kd7 29. Ra8 g4 30. Ra7+ Kd8 31. Ra8+ Kc7 32. Re8 Nc4 33.
Re7+ Kd8 34. Rxf7 g3 35. Rf8+ Kc7 36. Rf7+ Kb6 37. Nh4 g2 38. Nxg2 Rxg2 39.
Rf6+ Ka5 40. Rf1 Re2 41. Kd1 Rxe4 42. Rf6 Re3 43. a4 Rxc3 44. axb5 Kxb5 45. Rf8
a5 46. Rb8+ Nb6 47. Kd2 Rh3 48. Kc1 Kc5 49. Kb1 Rh4 50. Rg8 Kb4 51. Rg3 Rh1+
52. Ka2 Nc4 53. Rb3+ Kc5 54. Rc3 Rc1 55. Kb3 a4+ 56. Ka2 Kb4 57. Rh3 Rxc2+ 58.
Kb1 Rb2+ 59. Ka1 Rg2 0-1

[Event "Cracovia 2010"]
[Site "Krakow"]
[Date "2010.12.27"]
[Round "1.39"]
[White "Sandor, Lukas"]
[Black "Bukojemski, Adam"]
[Result "0-1"]
[WhiteElo "1881"]
[BlackElo "2240"]
[PlyCount "74"]
[EventDate "2010.??.??"]

1. e4 c5 2. Nf3 e6 3. d4 cxd4 4. Nxd4 Bc5 5. Nb3 Bb6 6. Bd3 Ne7 7. O-O O-O 8.
Nc3 f5 9. Bg5 f4 10. Nd2 h6 11. Bxe7 Qxe7 12. e5 Nc6 13. Nf3 g5 14. Ne4 g4 15.
Nf6+ Rxf6 16. exf6 Qxf6 17. c4 gxf3 18. Qxf3 Ne5 19. Qe4 Nxd3 20. Qxd3 Bc5 21.
b3 d6 22. Kh1 e5 23. f3 Bf5 24. Qd5+ Qf7 25. Qd2 a5 26. Rad1 Bb4 27. Qc1 Rc8
28. a3 Bc5 29. Qd2 b6 30. a4 Bd4 31. Qe2 Qg6 32. Rd2 Bc3 33. Rdd1 Bc2 34. Rxd6
Qxd6 35. Qxc2 Bd4 36. Qf5 Rf8 37. Qg4+ Kh7 0-1

[Event "Cracovia 2010"]
[Site "Krakow"]
[Date "2010.12.27"]
[Round "1.40"]
[White "Toma, Katarzyna"]
[Black "Karagiannis, Dimitrios"]
[Result "1-0"]
[WhiteElo "2234"]
[BlackElo "1873"]
[PlyCount "72"]
[EventDate "2010.??.??"]

1. e4 d5 2. exd5 Qxd5 3. Nc3 Qd6 4. Bc4 Nf6 5. d3 a6 6. a4 Nc6 7. Nf3 Bg4 8. h3
Be6 9. Bxe6 Qxe6+ 10. Be3 Qd7 11. Qe2 e6 12. O-O Be7 13. d4 O-O 14. Rfd1 Nb4
15. Ne5 Qc8 16. a5 Nbd5 17. Bd2 c5 18. dxc5 Bxc5 19. Na4 Ba7 20. c4 Ne7 21. Bc3
Ng6 22. b4 Nxe5 23. Bxe5 Rd8 24. Nb6 Bxb6 25. axb6 Ne8 26. c5 Qc6 27. Qc4 Rac8
28. Rd4 Nf6 29. Bxf6 gxf6 30. Rad1 Rxd4 31. Qxd4 e5 32. Qg4+ Kf8 33. Rd6 Qe8
34. Qf5 a5 35. bxa5 Rxc5 36. Qxf6 Rc8 1-0

[Event "Cracovia 2010"]
[Site "Krakow"]
[Date "2010.12.27"]
[Round "1.41"]
[White "Mucha, Magdalena"]
[Black "Wcislo, Damian"]
[Result "1/2-1/2"]
[WhiteElo "1846"]
[BlackElo "2219"]
[PlyCount "111"]
[EventDate "2010.??.??"]

1. e4 c5 2. Nf3 Nc6 3. d4 cxd4 4. Nxd4 Nf6 5. Nc3 d6 6. Be2 e5 7. Nb3 Be7 8.
O-O a5 9. a4 Be6 10. Bf3 Nb4 11. Bg5 Qb6 12. Bxf6 Bxf6 13. Nd5 Nxd5 14. exd5
Bd7 15. Bg4 Bxg4 16. Qxg4 O-O 17. Qe2 Rfc8 18. Ra3 Bg5 19. c3 g6 20. Kh1 f5 21.
f3 Rc7 22. g3 Be3 23. Na1 Rac8 24. Rb3 Qa7 25. Nc2 Bg5 26. Na3 Rc5 27. Rd1 b6
28. Kg2 Qb7 29. Rb5 Qc7 30. Rxc5 Qxc5 31. Nb5 Kf7 32. b3 Ke7 33. Qf2 Be3 34.
Qe2 f4 35. g4 h5 36. h3 Rh8 37. c4 Qc8 38. Nc3 Qf8 39. Rf1 hxg4 40. fxg4 e4 41.
Nxe4 Qh6 42. Rf3 Qg7 43. Nf2 Kd7 44. Nd1 Re8 45. Qd3 Bc5 46. Rxf4 Re7 47. Re4
Rf7 48. Qe2 Qf6 49. Re6 Qd4 50. Ne3 Qa1 51. Re4 Qb1 52. Nd1 Qxb3 53. Re8 Kc7
54. Re7+ Rxe7 55. Qxe7+ Kc8 56. Qe8+ 1/2-1/2

[Event "Cracovia 2010"]
[Site "Krakow"]
[Date "2010.12.27"]
[Round "1.42"]
[White "Mrva, Vladimir"]
[Black "Mazur, Stefan"]
[Result "0-1"]
[WhiteElo "2128"]
[BlackElo "2389"]
[PlyCount "122"]
[EventDate "2010.??.??"]

1. e4 c5 2. Nf3 e6 3. d4 cxd4 4. Nxd4 a6 5. Nc3 Qc7 6. Be2 b5 7. a3 Bb7 8. O-O
Nc6 9. Kh1 Nf6 10. f4 Nxd4 11. Qxd4 Bc5 12. Qd3 d5 13. exd5 Nxd5 14. Nxd5 Bxd5
15. Qc3 O-O 16. Be3 Rac8 17. Bxc5 Qxc5 18. Qxc5 Rxc5 19. c3 Bb3 20. Bd1 Bc4 21.
Rf2 Rd8 22. Bc2 Rcd5 23. Kg1 Kf8 24. b3 Bd3 25. Bxd3 Rxd3 26. Rc2 Rd1+ 27. Rxd1
Rxd1+ 28. Kf2 Rb1 29. b4 Ra1 30. Ke3 Ke7 31. Kd4 Kd6 32. c4 bxc4 33. Rc3 Ra2
34. g3 Rxh2 35. Kxc4 h5 36. b5 axb5+ 37. Kxb5 h4 38. gxh4 Rxh4 39. Rd3+ Kc7 40.
Rc3+ Kb7 41. Rc4 Rh5+ 42. Kb4 Rf5 43. a4 e5 44. fxe5 Rxe5 45. Rd4 Kc6 46. Rc4+
Kb6 47. Rd4 Rf5 48. Rd6+ Kc7 49. Rd4 g5 50. a5 Rf1 51. Kb5 f5 52. a6 Rb1+ 53.
Kc4 Ra1 54. Kb5 g4 55. Rf4 g3 56. Rxf5 Rb1+ 57. Ka5 g2 58. Rf7+ Kb8 59. Rf8+
Ka7 60. Rf7+ Ka8 61. Rf8+ Rb8 0-1

[Event "Cracovia 2010"]
[Site "Krakow"]
[Date "2010.12.27"]
[Round "1.43"]
[White "Jacko, Vladimir"]
[Black "Jacko-jun., Vladimir"]
[Result "0-1"]
[WhiteElo "2068"]
[BlackElo "2163"]
[PlyCount "76"]
[EventDate "2010.??.??"]

1. e4 g6 2. f4 Bg7 3. Nf3 c5 4. Bc4 Nc6 5. a4 e6 6. e5 d6 7. exd6 Qxd6 8. d3
Nge7 9. Nc3 b6 10. Ne4 Qc7 11. O-O O-O 12. Qe1 Bb7 13. c3 Rad8 14. Qe2 Na5 15.
Neg5 Nxc4 16. dxc4 h6 17. Ne4 Nf5 18. Ng3 Rfe8 19. Re1 Kh7 20. a5 bxa5 21. Nxf5
exf5 22. Qxe8 Rxe8 23. Rxe8 Be4 24. Kf2 Qd7 25. Rb8 Qd1 26. Ne1 g5 27. Rb5 gxf4
28. Rbxa5 Qg4 29. Bd2 Bf6 30. Rxa7 Bh4+ 31. Kf1 Bxe1 32. Kxe1 Qh4+ 33. Kd1 Qxh2
34. Rxf7+ Kg6 35. Raa7 Qh5+ 36. Ke1 Qh1+ 37. Ke2 Qxg2+ 38. Kd1 Qg4+ 0-1

[Event "Cracovia 2010"]
[Site "Krakow"]
[Date "2010.12.28"]
[Round "2.1"]
[White "Zubov, Alexander"]
[Black "Grinev, Valeriy"]
[Result "1-0"]
[WhiteElo "2574"]
[BlackElo "2361"]
[PlyCount "81"]
[EventDate "2010.??.??"]

1. e4 c6 2. d4 d5 3. e5 Bf5 4. Nf3 e6 5. Be2 Nd7 6. O-O Ne7 7. Nh4 Bg6 8. Nd2
Nf5 9. Nxg6 hxg6 10. Nf3 Be7 11. c3 Qb6 12. a4 a6 13. g3 c5 14. Kg2 cxd4 15. a5
Qa7 16. cxd4 Nb8 17. h4 Nc6 18. Ra4 Bb4 19. Bd2 Bxd2 20. Qxd2 Qb8 21. Bd3 Kf8
22. Rh1 Qd8 23. Qf4 Kg8 24. b4 Qd7 25. Rha1 Na7 26. R4a3 Ne7 27. Rc1 Nec6 28.
Qd2 Kf8 29. Rc5 Ke7 30. Qg5+ Ke8 31. Rac3 Qe7 32. Qc1 Kd7 33. b5 Nxb5 34. Bxb5
axb5 35. Rxb5 Rhb8 36. Rb6 Qd8 37. Ng5 Ke8 38. Rf3 Rxa5 39. Rxc6 bxc6 40. Nxf7
Qe7 41. Qxc6+ 1-0

[Event "Cracovia 2010"]
[Site "Krakow"]
[Date "2010.12.28"]
[Round "2.2"]
[White "Jasny, Stanislav"]
[Black "Jakubiec, Artur"]
[Result "0-1"]
[WhiteElo "2351"]
[BlackElo "2547"]
[PlyCount "102"]
[EventDate "2010.??.??"]

1. e4 c6 2. d4 d5 3. e5 c5 4. Nf3 Nc6 5. c4 e6 6. cxd5 exd5 7. Nc3 cxd4 8. Nxd4
Bc5 9. Bb5 Nge7 10. O-O O-O 11. Bxc6 Nxc6 12. Nb3 Bb6 13. Nxd5 Nxe5 14. Nxb6
Qxb6 15. Qd5 Qf6 16. Re1 Rd8 17. Rxe5 Be6 18. Bg5 Bxd5 19. Bxf6 gxf6 20. Re3
Rac8 21. h3 Be6 22. Rae1 Rc2 23. R1e2 Rd1+ 24. Kh2 Rxe2 25. Rxe2 b6 26. Nd2
Bxa2 27. Ne4 f5 28. Nc3 Ra1 29. Nxa2 Rxa2 30. Kg3 Kg7 31. Rc2 a5 32. Kf3 Ra4
33. Ke3 Rb4 34. Kd3 Rb3+ 35. Kd4 Kg6 36. Ke5 f6+ 37. Ke6 f4 38. Rc8 Rxb2 39.
Rg8+ Kh5 40. Kxf6 h6 41. g4+ fxg3 42. fxg3 Rf2+ 43. Ke5 a4 44. Rg4 a3 45. Rh4+
Kg6 46. Rb4 Rb2 47. Rg4+ Kh7 48. Ra4 Rb5+ 49. Kd4 Ra5 50. Rxa5 bxa5 51. Kc3 Kg6
0-1

[Event "Cracovia 2010"]
[Site "Krakow"]
[Date "2010.12.28"]
[Round "2.3"]
[White "Tazbir, Marcin"]
[Black "Krzyzanowski, Marcin"]
[Result "1/2-1/2"]
[WhiteElo "2527"]
[BlackElo "2342"]
[PlyCount "63"]
[EventDate "2010.??.??"]

1. e4 c5 2. Ne2 d6 3. g3 Nc6 4. Bg2 g6 5. c3 Bg7 6. d4 cxd4 7. cxd4 e5 8. dxe5
dxe5 9. Qxd8+ Nxd8 10. Nbc3 Ne7 11. O-O O-O 12. b3 Ndc6 13. Ba3 Bg4 14. h3 Bxe2
15. Nxe2 Rfe8 16. Rad1 Rad8 17. f4 exf4 18. gxf4 h6 19. Kf2 g5 20. fxg5 hxg5
21. Bc1 Bf6 22. Kg1 Rxd1 23. Rxd1 Ng6 24. Rd7 Nh4 25. Rxb7 Nxg2 26. Kxg2 Rxe4
27. Ng3 Re1 28. Bd2 Ra1 29. Ne4 Be5 30. Bxg5 Rxa2+ 31. Kf3 Kg7 32. Be3 1/2-1/2

[Event "Cracovia 2010"]
[Site "Krakow"]
[Date "2010.12.28"]
[Round "2.4"]
[White "Barski, Radoslaw"]
[Black "Miron, Lucian-Costin"]
[Result "1-0"]
[WhiteElo "2278"]
[BlackElo "2496"]
[PlyCount "83"]
[EventDate "2010.??.??"]

1. e4 e5 2. Nf3 Nc6 3. Bb5 a6 4. Ba4 Nf6 5. O-O Be7 6. Re1 b5 7. Bb3 d6 8. c3
O-O 9. h3 Nb8 10. d4 Nbd7 11. Nbd2 Bb7 12. Bc2 Re8 13. a4 Bf8 14. Bd3 c6 15. b3
g6 16. Bb2 Nh5 17. Qc2 Qb6 18. Bf1 exd4 19. cxd4 d5 20. e5 b4 21. g3 c5 22. h4
Ng7 23. Bh3 Ne6 24. Ng5 Nxg5 25. hxg5 Qc6 26. Rac1 Rac8 27. Kh2 Rc7 28. a5 Bc8
29. f4 Nb8 30. Qd3 Be6 31. dxc5 Nd7 32. g4 Nxc5 33. Qd4 Qd7 34. f5 gxf5 35.
gxf5 Bxf5 36. e6 Qd6+ 37. Kh1 f6 38. Bxf5 Nxe6 39. Qg4 Rxc1 40. Bxc1 Ng7 41.
Rxe8 Nxe8 42. Be6+ 1-0

[Event "Cracovia 2010"]
[Site "Krakow"]
[Date "2010.12.28"]
[Round "2.5"]
[White "Gavrilov, Alexei"]
[Black "Kalvaitis, Sigitas"]
[Result "1-0"]
[WhiteElo "2488"]
[BlackElo "2327"]
[PlyCount "79"]
[EventDate "2010.??.??"]

1. d4 Nf6 2. c4 e6 3. Nf3 d5 4. Nc3 Be7 5. Bg5 O-O 6. e3 c6 7. Bd3 Nbd7 8. cxd5
exd5 9. Qc2 Re8 10. O-O Nf8 11. a3 a5 12. Rae1 Ne4 13. Bxe7 Qxe7 14. Bxe4 dxe4
15. Nd2 f5 16. Na4 Be6 17. Rc1 Ng6 18. Qc5 Qf6 19. Nb6 Rad8 20. Qxa5 Nh4 21. f4
Qg6 22. g3 Qg4 23. Qc3 Bf7 24. Nbc4 Bxc4 25. Qxc4+ Kh8 26. Rf2 Nf3+ 27. Nxf3
exf3 28. Qc3 Re6 29. Rcf1 Rde8 30. Rxf3 h5 31. Kg2 h4 32. h3 Qg6 33. Re1 Qf7
34. g4 Re4 35. Kf2 Qe6 36. gxf5 Qxf5 37. Rg1 Qf6 38. Rg4 b6 39. b4 Qe6 40. d5
1-0

[Event "Cracovia 2010"]
[Site "Krakow"]
[Date "2010.12.28"]
[Round "2.6"]
[White "Voiteanu, Gabriel"]
[Black "Starostits, Ilmars"]
[Result "0-1"]
[WhiteElo "2262"]
[BlackElo "2488"]
[PlyCount "85"]
[EventDate "2010.??.??"]

1. d4 Nf6 2. c4 e6 3. Nf3 b6 4. a3 c5 5. d5 Ba6 6. Qc2 exd5 7. cxd5 g6 8. g3
Bg7 9. Bg2 d6 10. O-O O-O 11. Re1 Nbd7 12. Nc3 b5 13. Bf4 Qb6 14. e4 Ng4 15. h3
Nge5 16. Nxe5 Nxe5 17. Kh2 Rfe8 18. Rad1 Rac8 19. Bxe5 Bxe5 20. f4 Bd4 21. Ne2
Bg7 22. Ng1 b4 23. Nf3 bxa3 24. bxa3 c4 25. e5 c3 26. h4 Bc4 27. Qxc3 Bb3 28.
Qd3 Bxd1 29. Qxd1 Qc5 30. h5 Qxa3 31. hxg6 hxg6 32. Ng5 dxe5 33. f5 Bf6 34.
fxg6 fxg6 35. Ne4 Kg7 36. d6 Rh8+ 37. Bh3 Qa2+ 38. Re2 Qe6 39. Qf1 Rxh3+ 40.
Qxh3 Rh8 41. Qxh8+ Kxh8 42. Rf2 Kg7 43. Rb2 0-1

[Event "Cracovia 2010"]
[Site "Krakow"]
[Date "2010.12.28"]
[Round "2.7"]
[White "Duda, Jan-Krzysztof"]
[Black "Bulski, Krzysztof"]
[Result "1/2-1/2"]
[WhiteElo "2247"]
[BlackElo "2470"]
[PlyCount "91"]
[EventDate "2010.??.??"]

1. d4 Nf6 2. c4 g6 3. Nc3 d5 4. cxd5 Nxd5 5. e4 Nxc3 6. bxc3 Bg7 7. Nf3 c5 8.
Be2 Nc6 9. O-O cxd4 10. cxd4 Nxd4 11. Nxd4 Qxd4 12. Bb5+ Bd7 13. Qxd4 Bxd4 14.
Bxd7+ Kxd7 15. Rd1 e5 16. Be3 Ke6 17. Bxd4 exd4 18. Rxd4 Rhd8 19. Rb4 b6 20. a4
Rd2 21. a5 bxa5 22. Rba4 Rb8 23. Rxa5 Rbb2 24. Ra6+ Ke5 25. R6a5+ Ke6 26. Ra6+
Ke5 27. R6a5+ Kxe4 28. R1a4+ Kd3 29. Ra3+ Kd4 30. R3a4+ Kd3 31. Ra3+ Kc4 32.
R3a4+ Kc3 33. Ra3+ Rb3 34. g3 Rd6 35. Rxb3+ Kxb3 36. Rxa7 Rf6 37. f4 Kc4 38.
Kg2 Kd5 39. Kf3 h5 40. h3 Rb6 41. f5 Ke5 42. Rxf7 Rb3+ 43. Kf2 Rb2+ 44. Kf3
Rb3+ 45. Kf2 Rb2+ 46. Kf3 1/2-1/2

[Event "Cracovia 2010"]
[Site "Krakow"]
[Date "2010.12.28"]
[Round "2.8"]
[White "Sharapov, Evgeny"]
[Black "Hartikainen, Markku"]
[Result "1-0"]
[WhiteElo "2468"]
[BlackElo "2314"]
[PlyCount "59"]
[EventDate "2010.??.??"]

1. e4 c5 2. Nf3 d6 3. d4 cxd4 4. Nxd4 Nf6 5. Nc3 g6 6. Be3 Bg7 7. f3 Nc6 8. Qd2
O-O 9. g4 Be6 10. O-O-O Nxd4 11. Bxd4 Qa5 12. Kb1 Rfc8 13. a3 Rab8 14. h4 b5
15. Nd5 Qxd2 16. Rxd2 Bxd5 17. exd5 a5 18. g5 Nh5 19. Bxg7 Kxg7 20. Bh3 Rc4 21.
Bg4 b4 22. b3 bxa3 23. Ka2 Rc3 24. Kxa3 Nf4 25. Re1 Rb5 26. Rxe7 Rxd5 27. Be6
Nxe6 28. Rxd5 Rxc2 29. Rxd6 Nc5 30. Rf6 1-0

[Event "Cracovia 2010"]
[Site "Krakow"]
[Date "2010.12.28"]
[Round "2.9"]
[White "Sieciechowicz, Marcin"]
[Black "Klim, Kamil"]
[Result "1-0"]
[WhiteElo "2446"]
[BlackElo "2302"]
[PlyCount "95"]
[EventDate "2010.??.??"]

1. d4 d5 2. c4 e6 3. Nc3 Nf6 4. cxd5 exd5 5. Bg5 Nbd7 6. e3 Be7 7. Bd3 O-O 8.
Nge2 Re8 9. O-O Nf8 10. Qc2 a6 11. Rad1 h6 12. Bh4 Ne6 13. f3 Kh8 14. Bf2 c5
15. dxc5 Bxc5 16. Bc4 Qb6 17. Na4 Qa7 18. Nxc5 dxc4 19. Nxe6 Bxe6 20. e4 Qb8
21. Nd4 Qc7 22. Nxe6 Rxe6 23. Rd4 Rc8 24. Rfd1 b5 25. Qd2 Kh7 26. Rd8 Rxd8 27.
Qxd8 Qxd8 28. Rxd8 Ng8 29. Bc5 Rc6 30. Bb4 g5 31. Kf2 Nf6 32. Bc3 Nh5 33. Ke3
f6 34. g3 Ng7 35. Rf8 Nh5 36. g4 Nf4 37. Rxf6 Rc7 38. Rxa6 Rd7 39. Rb6 Rd3+ 40.
Kf2 Nh3+ 41. Kg3 Ng1 42. Rxb5 Nxf3 43. Rd5 Ne5+ 44. Rxd3 cxd3 45. h3 Kg6 46.
Kf2 Nc4 47. b3 d2 48. Ke2 1-0

[Event "Cracovia 2010"]
[Site "Krakow"]
[Date "2010.12.28"]
[Round "2.10"]
[White "Bukojemski, Adam"]
[Black "Gagarin, Vasilij"]
[Result "0-1"]
[WhiteElo "2240"]
[BlackElo "2435"]
[PlyCount "74"]
[EventDate "2010.??.??"]

1. e4 c5 2. Nf3 e6 3. d4 cxd4 4. Nxd4 Nc6 5. Nb5 d6 6. Bf4 e5 7. Be3 Nf6 8. Bg5
a6 9. N5c3 Be7 10. Nd2 Bg4 11. f3 Be6 12. Bxf6 Bxf6 13. Bc4 Rc8 14. Nd5 Bg5 15.
c3 O-O 16. Bb3 Na5 17. Qe2 Nxb3 18. axb3 Bxd5 19. exd5 Bxd2+ 20. Qxd2 Qb6 21.
b4 f5 22. Qf2 Qb5 23. Rd1 e4 24. fxe4 Rce8 25. Rd4 Rxe4+ 26. Kd2 Rfe8 27. Rd3
a5 28. Rc1 f4 29. g3 axb4 30. c4 Qd7 31. Rd4 fxg3 32. hxg3 Qe7 33. Rxe4 Qxe4
34. Rf1 h6 35. Qf7+ Kh8 36. Rf4 Qe3+ 37. Kd1 Qd3+ 0-1

[Event "Cracovia 2010"]
[Site "Krakow"]
[Date "2010.12.28"]
[Round "2.11"]
[White "Brodowski, Piotr"]
[Black "Cruz Alvarez De Ron, Dan"]
[Result "1/2-1/2"]
[WhiteElo "2417"]
[BlackElo "2273"]
[PlyCount "39"]
[EventDate "2010.??.??"]

1. g3 d5 2. Bg2 e5 3. c4 d4 4. d3 c5 5. Nf3 Nc6 6. b4 cxb4 7. a3 f6 8. O-O Be6
9. axb4 Bxb4 10. Bd2 Bc5 11. Qb3 Qd7 12. Qb5 Bd6 13. Na3 Nge7 14. Rfb1 b6 15.
Nc2 O-O 16. Bc1 Rab8 17. Ba3 a5 18. Bxd6 Qxd6 19. Nd2 Qc7 20. Qb2 1/2-1/2

[Event "Cracovia 2010"]
[Site "Krakow"]
[Date "2010.12.28"]
[Round "2.12"]
[White "Veltkamp, Gerben"]
[Black "Dragun, Kamil"]
[Result "0-1"]
[WhiteElo "2171"]
[BlackElo "2407"]
[PlyCount "58"]
[EventDate "2010.??.??"]

1. c4 Nf6 2. Nc3 g6 3. e4 d6 4. d4 Bg7 5. f4 O-O 6. Nf3 c5 7. d5 e6 8. Be2 exd5
9. cxd5 b5 10. e5 dxe5 11. fxe5 Ng4 12. Bg5 Qb6 13. d6 c4 14. Rf1 Be6 15. Nd5
Qc5 16. Ne7+ Kh8 17. Qd4 Nd7 18. Qxc5 Nxc5 19. Nd4 Nxe5 20. Nxb5 Rab8 21. a4 a6
22. Nc7 Ned3+ 23. Bxd3 Nxd3+ 24. Ke2 Rxb2+ 25. Ke3 Bg4 26. Bf6 Bxf6 27. Rxf6
Kg7 28. Ned5 Nb4 29. Rf4 Nc2+ 0-1

[Event "Cracovia 2010"]
[Site "Krakow"]
[Date "2010.12.28"]
[Round "2.13"]
[White "Jacko-jun., Vladimir"]
[Black "Bobula, Mateusz"]
[Result "0-1"]
[WhiteElo "2163"]
[BlackElo "2393"]
[PlyCount "66"]
[EventDate "2010.??.??"]

1. d4 d5 2. Bg5 h6 3. Bh4 c6 4. Nf3 Qb6 5. b3 Bf5 6. e3 Nd7 7. Be2 e6 8. O-O
Be7 9. c4 Bxh4 10. Nxh4 Bh7 11. Bd3 Bxd3 12. Qxd3 Ngf6 13. Nc3 O-O 14. Rad1
Rad8 15. f4 c5 16. cxd5 Nxd5 17. Nxd5 exd5 18. Nf5 Nf6 19. Rf3 cxd4 20. Nxd4
Rfe8 21. Qf5 Re4 22. Qh3 Rde8 23. Rg3 h5 24. Nf5 g6 25. Nd4 Ng4 26. Rxg4 hxg4
27. Qxg4 Rxe3 28. Kf1 Qa6+ 29. Kg1 Re1+ 30. Rxe1 Rxe1+ 31. Kf2 Re4 32. Qc8+ Kg7
33. Qc3 Qb6 0-1

[Event "Cracovia 2010"]
[Site "Krakow"]
[Date "2010.12.28"]
[Round "2.14"]
[White "Mazur, Stefan"]
[Black "Gonzalez Diaz, Julio"]
[Result "1-0"]
[WhiteElo "2389"]
[BlackElo "2259"]
[PlyCount "75"]
[EventDate "2010.??.??"]

1. e4 d6 2. d4 Nf6 3. Nc3 g6 4. Be3 c6 5. h3 Nbd7 6. f4 b5 7. a3 Nb6 8. Nf3 a6
9. Bd3 Bg7 10. O-O Qc7 11. Qe1 Bb7 12. e5 Nfd5 13. f5 dxe5 14. dxe5 Bxe5 15.
Nxe5 Qxe5 16. Bc5 Qxe1 17. Raxe1 O-O 18. Bxb6 Nxb6 19. Rxe7 Rab8 20. fxg6 hxg6
21. Ne4 Nd5 22. Rd7 Bc8 23. Rd6 Rb6 24. Ng5 Ne3 25. Rff6 Nc4 26. Bxc4 bxc4 27.
Rxc6 Rxb2 28. Rxc4 Kg7 29. Rfc6 Bb7 30. Rc7 Bd5 31. Rd4 Ba2 32. c4 Re2 33. Rf4
Kg8 34. Nxf7 Ree8 35. Nh6+ Kh8 36. Rh4 Rc8 37. Ng4+ Kg8 38. Nf6+ 1-0